00254nam a2200109Ia 4500008004100000082001600041100002000057245002500077260002600102300000800128650000800136191201s2010 xx 000 0 und d a658.15bDAM aDAMODARAN, Suma 0aManagerial Economics aN.DelhibOxfordc2010 a591 aMBA